Obálka Náhled e-knihy:
PDF Epub
Pro půjčování e-knih musíte být přihlášeni.
Jak si půjčit online?

Bouře /

Nad poklidnou vesničkou se stahují mračna... První díl atmosférické detektivní série.

Uloženo v:
Série:August Strindberg, část 1
Hlavní autor: Ohlsson, Kristina, 1979- (Autor)
Další autoři: Nováková, Vendula, 1981- (Autor)
Médium: E-kniha
Jazyk:Czech
Vydáno: Praha : Kniha Zlin, 2022
Vydání:Vydání první
Edice:Thrill
Témata:
Příbuzné jednotky:Z cyklu:: August Strindberg
Tagy:
Žádné tagy
LEADER 02606nam a2200505 i 4500
001 311676
003 CZ PrSKC
005 20260601215709.0
007 ta
008 221003s2022 xr g 000 f cze
015 |a cnb003458760 
020 |a 9788076624078  |q (vázáno) :  |c Kč 549,00 
035 |a (OCoLC)1354195979 
040 |a ABG001  |b cze  |d ABA001  |e rda 
041 1 |a cze  |h swe 
072 7 |a 821.11  |x Germánské literatury  |2 Konspekt 
080 |a 821.113.6-31  |2 MRF 
080 |a (0:82-312.4)  |2 MRF 
100 1 |a Ohlsson, Kristina,  |d 1979-  |7 osa2013754787  |4 aut 
240 1 0 |a Stormvakt.  |l Česky 
245 1 0 |a Bouře /  |c Kristina Ohlssonová ; přeložila Vendula Nováková 
250 |a Vydání první 
264 1 |a Praha :  |b Kniha Zlin,  |c 2022 
300 |a 478 stran ;  |c 21 cm 
336 |a text  |b txt  |2 rdacontent 
337 |a bez média  |b n  |2 rdamedia 
338 |a svazek  |b nc  |2 rdacarrier 
490 1 |a Thrill ;  |v svazek 49 
500 |a Přeloženo ze švédštiny 
520 2 |a Nad poklidnou vesničkou se stahují mračna... První díl atmosférické detektivní série.  |b Stockholmský finančník August Strindberg se rozhodl pověsit kariéru na hřebík a otevřít si vetešnictví. Jenže s jeho příjezdem do ospalé pobřežní vesničky jako by tu veškerá idyla skončila - za bouřlivé noci zmizí oblíbená místní učitelka. Policie v čele se sympatickou Marií Martinssonovou bezvýsledně prohledává okolí a atmosféra mezi starousedlíky houstne. Co se vlastně přihodilo? A proč v Augustovi roste přesvědčení, že klíč k vyřešení záhady má v rukou právě on? Nakladatelská anotace. 
655 7 |a švédské romány  |7 fd133923  |2 czenas 
655 7 |a detektivní romány  |7 fd132010  |2 czenas 
655 7 |a thrillery (romány)  |7 fd184206  |2 czenas 
655 9 |a Swedish fiction  |2 eczenas 
655 9 |a detective novels  |2 eczenas 
655 9 |a thrillers (novels)  |2 eczenas 
700 1 |a Nováková, Vendula,  |d 1981-  |7 xx0174336  |4 trl 
787 0 8 |i Z cyklu:  |t August Strindberg  |g 1 
830 0 |a Thrill 
900 |a ABA001  |b 21 
928 9 |a Albatros Media - Kniha Zlin 
044 |a xr 
910 |a RBIT002 
998 |d 360588  |a https://core.palmknihy.cz/api/books/360588/cover?si6v2q  |b https://core.palmknihy.cz/api/books/360588/cover/400?si6v2q  |c https://core.palmknihy.cz/api/books/360588/cover/50?si6v2q  |e 2026-09-17  |g 480  |i 9788076624078  |j https://core.palmknihy.cz/api/books/360588/preview.epub  |k https://core.palmknihy.cz/api/books/360588/preview.pdf  |l   |q 49  |r 1  |s https://www.palmknihy.cz/kniha/360588  |t ebook  |y 2022  |z 0  |v August Strindberg  |w 1 
999 |d 311674